000 00652nam a2200253Ia 4500
003 OSt
005 20220912152749.0
006 a|||||r|||| 00| 0
007 ta
008 220909b |||||||| |||| 00| 0 eng d
024 _a35438
037 _cTextual
040 _aCSL
_beng
_cCSL
041 _aeng
082 _aE214u, J9
100 _aWaters W A Ed.
245 0 _aVistas in free-radical chemistry
260 _c1959
300 _ap.
_ccm.
490 _aInternational series of monographs on organic chemistry; 1
650 _aradical chemistry
942 _hE214u, J9
_cTEXL
_2CC
999 _c91625
_d91625